000 nam a22 7a 4500
999 _c7575
_d7575
008 170921b xxu||||| |||| 00| 0 eng d
020 _a9788123706192
100 _aPhondke Bal
_94090
245 _aIt Happened Tommorow
260 _aIndia
_bNational book Trust
_c1993